Complete A-z Psychology Handbook. (Record no. 62216)
[ view plain ]
| 000 -LEADER | |
|---|---|
| fixed length control field | 00628nam a22001937a 4500 |
| 003 - CONTROL NUMBER IDENTIFIER | |
| control field | NUST-PNEC |
| 005 - DATE AND TIME OF LATEST TRANSACTION | |
| control field | 20170116180742.0 |
| 008 - FIXED-LENGTH DATA ELEMENTS--GENERAL INFORMATION | |
| fixed length control field | 141223b xxu||||| |||| 00| 0 eng d |
| 020 ## - INTERNATIONAL STANDARD BOOK NUMBER | |
| International Standard Book Number | 0340872691 |
| 040 ## - CATALOGING SOURCE | |
| Transcribing agency | PNEC |
| 082 ## - DEWEY DECIMAL CLASSIFICATION NUMBER | |
| Classification number | 150.3 CAR |
| 100 ## - MAIN ENTRY--PERSONAL NAME | |
| 9 (RLIN) | 1142 |
| Personal name | Cardwell Mike |
| 245 ## - TITLE STATEMENT | |
| Title | Complete A-z Psychology Handbook. |
| Statement of responsibility, etc. | Mike Cardwell |
| 260 ## - PUBLICATION, DISTRIBUTION, ETC. | |
| Place of publication, distribution, etc. | London |
| Name of publisher, distributor, etc. | Hodder & Stoughton |
| Date of publication, distribution, etc. | c.2003 |
| 300 ## - PHYSICAL DESCRIPTION | |
| Extent | viii, 300 p. : |
| Other physical details | ill. ; |
| Dimensions | 23 cm |
| 650 ## - SUBJECT ADDED ENTRY--TOPICAL TERM | |
| General subdivision | AS |
| 856 ## - ELECTRONIC LOCATION AND ACCESS | |
| Uniform Resource Identifier | <a href="http://www.amazon.com/Complete-Psychology-Handbook-Mike-Cardwell/dp/0340872691/ref=sr_1_1?ie=UTF8&qid=1419322007&sr=8-1&keywords=0340872691">http://www.amazon.com/Complete-Psychology-Handbook-Mike-Cardwell/dp/0340872691/ref=sr_1_1?ie=UTF8&qid=1419322007&sr=8-1&keywords=0340872691</a> |
| 942 ## - ADDED ENTRY ELEMENTS (KOHA) | |
| Source of classification or shelving scheme | |
| Koha item type | Book |
| Withdrawn status | Lost status | Source of classification or shelving scheme | Damaged status | Not for loan | Permanent Location | Current Location | Shelving location | Date acquired | Source of acquisition | Cost, normal purchase price | Total Checkouts | Full call number | Barcode | Date last seen | Cost, replacement price | Price effective from | Koha item type |
|---|---|---|---|---|---|---|---|---|---|---|---|---|---|---|---|---|---|
| Pakistan Navy Engineering College (PNEC) | Pakistan Navy Engineering College (PNEC) | 03/26/2005 | NUST Recurring A/c | 695.00 | 150.3 CAR | PNECLIB-027080 | 12/23/2014 | 695.00 | 03/26/2005 | Book |
